Noncommutative rings /

保存先:
書誌詳細
第一著者: Herstein, I. N.
フォーマット: Sách giấy
出版事項: [Buffalo?] Mathematical Association of America; distributed by J. Wiley [1968]
シリーズ:Carus mathematical monographs no. 15
主題:
タグ: タグ追加
タグなし, このレコードへの初めてのタグを付けませんか!
Thư viện lưu trữ: Thư viện Trường Đại học Đà Lạt
LEADER 00895nam a2200325 4500
001 DLU050048032
005 ##20050718
008 ##680301s1968 nyu b 000 0 eng
010 # # |a  68002561  
035 # # |9 (DLC) 68002561 
040 # # |a DLC  |c DLC  |d DLC 
050 # # |a QA247  |b .H47 
082 # # |a 512.4  |b HE-I 
100 # # |a Herstein, I. N. 
245 # # |a Noncommutative rings /  |c by I. N. Herstein 
260 # # |a [Buffalo?]  |b Mathematical Association of America; distributed by J. Wiley  |c [1968] 
300 # # |a xi, 199 p. ;  |c 20 cm. 
440 # # |a Carus mathematical monographs  |v no. 15 
504 # # |a Includes bibliographies. 
650 # # |a Noncommutative rings. 
923 # # |a 21/2005 
992 # # |a 6400 
994 # # |a DLU 
900 # # |a True 
911 # # |a Nguyễn Thị Tố Hạnh 
925 # # |a G 
926 # # |a A 
927 # # |a SH 
980 # # |a Thư viện Trường Đại học Đà Lạt